书目信息 |
| 题名: |
无纸化图书馆研究
|
|
| 作者: | 苏全有 主编 | |
| 分册: | ||
| 出版信息: | 郑州 中州古籍出版社 2014.07 |
|
| 页数: | 262页 | |
| 开本: | 21cm | |
| 丛书名: | ||
| 单 册: | ||
| 中图分类: | G250.76 | |
| 科图分类: | ||
| 主题词: | 图书馆学 , 图书馆事业 | |
| 电子资源: | ||
| ISBN: | 7-5348-4797-4 | |
| 000 | 00610nam0 2200205 450 | |
| 001 | 1540208492 | |
| 005 | 20150705111132.57 | |
| 010 | @a7-5348-4797-4@dCNY48.00 | |
| 100 | @a20150705d2014 km y0chiy0120 ea | |
| 101 | 0 | @achi |
| 102 | @aCN@b410000 | |
| 200 | 1 | @a无纸化图书馆研究@Awu zhi hua tu shu guan yan jiu@f苏全有主编@Fsu quan you zhu bian |
| 210 | @a郑州@c中州古籍出版社@d2014.07 | |
| 215 | @a262页@d21cm | |
| 606 | 0 | @a图书馆学 |
| 606 | 0 | @a图书馆事业 |
| 690 | @aG250.76@v4 | |
| 701 | 0 | @a苏全有@Asu quan you@4主编 |
| 801 | 0 | @aCN@b大连网信软件有限公司图书馆·11@c20150705 |
| 905 | @aZUCC@dG250.76@eS852 | |
| 无纸化图书馆研究/苏全有主编.-郑州:中州古籍出版社,2014.07 |
| 262页;21cm |
| ISBN 7-5348-4797-4:CNY48.00 |
| ● |
| 相关链接 |
|
|
|
正题名:无纸化图书馆研究
索取号:G250.76/S852
 
预约/预借
| 序号 | 登录号 | 条形码 | 馆藏地/架位号 | 状态 | 备注 |
| 1 | 497558 | 204975580 | 社科库409/409社科库 59排1列5层/ [索取号:G250.76/S852] | 在馆 |